[Event "Curitiba IEP&Copel op"]
[Site "Curitiba"]
[Date "2017.05.14"]
[Round "6"]
[White "Baba, Renato"]
[Black "Nobre, Jailson Altair Barb"]
[Result "1-0"]
[WhiteElo "1942"]
[BlackElo "1742"]
[PlyCount "71"]
[EventDate "2017.05.12"]
[EventType "swiss"]
[EventRounds "6"]
[EventCountry "BRA"]
[SourceTitle "CBM 178 Extra"]
[Source "ChessBase"]
[SourceDate "2017.06.22"]
[SourceVersion "1"]
[SourceVersionDate "2017.06.22"]
[SourceQuality "1"]

1. c4 Nf6 2. Nc3 e6 3. g3 c5 4. Bg2 Be7 5. e4 d6 6. Nge2 0-0 7. 0-0 a6 8. d4 cxd4 9. Nxd4 Qc7 10. Qe2 Nc6 11. Nc2 Bd7 12. a4 Na5 13. Ne3 Rac8 14. f4 Nxc4 15. Nc2 Qc5+ 16. Kh1 b5 17. b4 Qc7 18. axb5 Bxb5 19. Nxb5 axb5 20. f5 Nd7 21. fxe6 fxe6 22. Rxf8+ Rxf8 23. Nd4 Qb6 24. Nxe6 Qf2 25. Qxf2 Rxf2 26. Ra7 Nce5 27. Bf4 Kf7 28. Nxg7 Rb2 29. h3 Rb1+ 30. Kh2 Rxb4 31. Nf5 Ke6 32. Ng7+ Kf7 33. Bxe5 Nxe5 34. Nf5 Nc6 35. Rc7 Rc4 36. Nxd6+ 1-0

[Event "Curitiba IEP&Copel op"]
[Site "Curitiba"]
[Date "2017.05.12"]
[Round "2"]
[White "Gauche, Charles"]
[Black "Baba, Renato"]
[Result "1-0"]
[WhiteElo "2197"]
[BlackElo "1942"]
[PlyCount "59"]
[EventDate "2017.05.12"]
[EventType "swiss"]
[EventRounds "6"]
[EventCountry "BRA"]
[SourceTitle "CBM 178 Extra"]
[Source "ChessBase"]
[SourceDate "2017.06.22"]
[SourceVersion "1"]
[SourceVersionDate "2017.06.22"]
[SourceQuality "1"]

1. d4 d5 2. c4 e6 3. Nf3 c6 4. e3 Nf6 5. Qc2 Be7 6. Nc3 Nbd7 7. Be2 dxc4 8. Bxc4 b5 9. Bd3 a6 10. Ne4 Qb6 11. 0-0 c5 12. dxc5 Nxc5 13. Nxc5 Qxc5 14. Qe2 0-0 15. e4 Bb7 16. Bg5 Rac8 17. Rac1 Qb6 18. e5 Bxf3 19. Qxf3 Nd5 20. Qe4 g6 21. Bh6 Rfd8 22. h4 Rxc1 23. Rxc1 Bf8 24. Bxf8 Kxf8 25. h5 Kg7 26. Qh4 h6 27. hxg6 fxg6 28. Be4 Rd7 29. Rc8 Nc7 30. Qf6+ 1-0

[Event "Sao Paulo op-B U2050 6th"]
[Site "Sao Paulo"]
[Date "2017.04.16"]
[Round "5"]
[White "Rodrigues, Julliano de Araujo"]
[Black "Baba, Renato"]
[Result "0-1"]
[WhiteElo "1842"]
[BlackElo "1910"]
[PlyCount "28"]
[EventDate "2017.04.14"]
[EventType "swiss"]
[EventRounds "6"]
[EventCountry "BRA"]
[SourceTitle "EXT 2019"]
[Source "ChessBase"]
[SourceDate "2018.10.10"]
[SourceVersion "1"]
[SourceVersionDate "2018.10.10"]
[SourceQuality "1"]

1. e4 c5 2. Nf3 d6 3. d4 cxd4 4. Nxd4 Nf6 5. Nc3 a6 6. Be3 e5 7. Nb3 Be6 8. Qd2 Be7 9. f3 0-0 10. 0-0-0 a5 11. Qf2 a4 12. Bb6 Qc8 13. Na5 a3 14. b3 Qxc3 0-1

[Event "Sao Paulo op-B U2050 6th"]
[Site "Sao Paulo"]
[Date "2017.04.15"]
[Round "3"]
[White "Baba, Renato"]
[Black "Souza, Rodrigo Vilas Boas"]
[Result "1-0"]
[WhiteElo "1910"]
[BlackElo "1874"]
[PlyCount "95"]
[EventDate "2017.04.14"]
[EventType "swiss"]
[EventRounds "6"]
[EventCountry "BRA"]
[SourceTitle "EXT 2019"]
[Source "ChessBase"]
[SourceDate "2018.10.10"]
[SourceVersion "1"]
[SourceVersionDate "2018.10.10"]
[SourceQuality "1"]

1. e4 e6 2. d4 d5 3. Nd2 Nf6 4. e5 Nfd7 5. Bd3 c5 6. c3 Nc6 7. Ne2 cxd4 8. cxd4 f6 9. exf6 Nxf6 10. Nf3 Bd6 11. Bf4 0-0 12. 0-0 Ng4 13. g3 e5 14. dxe5 Ncxe5 15. Nxe5 Bxe5 16. Bxe5 Nxe5 17. Nd4 Bh3 18. Bxh7+ Kxh7 19. Qh5+ Kg8 20. Qxh3 Rf6 21. Rae1 Qd6 22. Qh5 Ng6 23. Re2 Raf8 24. Rfe1 Qc5 25. Nb3 Qc6 26. Qg4 Nf4 27. Rd2 Rg6 28. Qd1 Nh3+ 29. Kg2 d4+ 30. f3 Nf4+ 31. Kh1 Ne6 32. Rd3 Rgf6 33. Kg2 Rg6 34. Re4 Nf4+ 35. Rxf4 Rxf4 36. Nxd4 Qb6 37. Nb3 Rf5 38. Rd8+ Kh7 39. Qd3 Rh5 40. Rd5 Rxh2+ 41. Kxh2 Qf2+ 42. Kh1 Qe1+ 43. Kg2 Qxg3+ 44. Kf1 Qg2+ 45. Ke1 Qg1+ 46. Kd2 Qh2+ 47. Kc3 Qc7+ 48. Rc5 1-0

[Event "Sao Paulo op-B U2050 6th"]
[Site "Sao Paulo"]
[Date "2017.04.14"]
[Round "2"]
[White "Queiroz, Stella Becker"]
[Black "Baba, Renato"]
[Result "0-1"]
[WhiteElo "1763"]
[BlackElo "1910"]
[PlyCount "98"]
[EventDate "2017.04.14"]
[EventType "swiss"]
[EventRounds "6"]
[EventCountry "BRA"]
[SourceTitle "EXT 2019"]
[Source "ChessBase"]
[SourceDate "2018.10.10"]
[SourceVersion "1"]
[SourceVersionDate "2018.10.10"]
[SourceQuality "1"]

1. e4 c5 2. Nf3 d6 3. d4 cxd4 4. Nxd4 Nf6 5. Nc3 a6 6. Be2 e5 7. Nb3 Be6 8. Bg5 Nbd7 9. 0-0 Be7 10. Bxf6 Nxf6 11. Nd2 Rc8 12. Re1 Qc7 13. Nf1 0-0 14. Ne3 Qc5 15. Bf3 b5 16. Rc1 Rfd8 17. Ncd5 Nxd5 18. Nxd5 Bxd5 19. Qxd5 Qxd5 20. exd5 Bg5 21. Rb1 Rxc2 22. Re2 Rc7 23. Be4 g6 24. g3 f5 25. Bg2 Rdc8 26. h4 Bf6 27. Bh3 Rc4 28. Rd2 Rc2 29. Rxc2 Rxc2 30. Bf1 e4 31. a4 Bd4 32. axb5 axb5 33. Bxb5 Rxf2 34. Kh1 Rxb2 35. Rxb2 Bxb2 36. Kg2 Kf7 37. Kf2 Bd4+ 38. Ke2 Ke7 39. Ba4 h6 40. Bc2 Kf6 41. Bb1 Ke5 42. Ba2 g5 43. hxg5 hxg5 44. Bc4 f4 45. gxf4+ gxf4 46. Bb3 f3+ 47. Kf1 e3 48. Ke1 e2 49. Ba2 Bc3+ 0-1

[Event "Paulista-ch"]
[Site "Sao Paulo"]
[Date "2016.11.??"]
[Round "3"]
[White "Baba, Renato"]
[Black "Federzoni, Enzo"]
[Result "1/2-1/2"]
[WhiteElo "1889"]
[BlackElo "1829"]
[PlyCount "88"]
[EventDate "2016.11.09"]
[EventType "swiss"]
[EventRounds "6"]
[EventCountry "BRA"]
[SourceTitle "EXT 2022"]
[Source "ChessBase"]
[SourceDate "2021.10.06"]
[SourceVersion "1"]
[SourceVersionDate "2021.10.06"]
[SourceQuality "1"]

1. d4 Nf6 2. Bg5 g6 3. Bxf6 exf6 4. g3 d5 5. Bg2 Bg7 6. Nf3 0-0 7. 0-0 Nd7 8. Nbd2 f5 9. e3 c6 10. c4 dxc4 11. Nxc4 Nf6 12. Rc1 Qe7 13. Nce5 Nd7 14. Nd3 Rd8 15. Qc2 Nf6 16. Qc5 Qxc5 17. Rxc5 Ne4 18. Rc2 Be6 19. b3 Rac8 20. Rfc1 Bf8 21. Nf4 Bd7 22. Ne5 Be8 23. Nc4 b6 24. g4 c5 25. gxf5 gxf5 26. Ne5 f6 27. Ned3 Bd7 28. f3 Ng5 29. dxc5 Bb5 30. Rc3 Bxd3 31. Nxd3 Bxc5 32. Nxc5 Rxc5 33. Rxc5 bxc5 34. h4 Nf7 35. Rxc5 Ne5 36. Rc2 Rd7 37. Kf2 Kf7 38. Bh3 Kg6 39. e4 Kh5 40. Bxf5 Rd3 41. Bxh7 Rxf3+ 42. Kg2 Rd3 43. Bf5 Kxh4 44. Kf1 Kg3 1/2-1/2

[Event "Paulista-ch"]
[Site "Sao Paulo"]
[Date "2016.11.??"]
[Round "6"]
[White "Baba, Renato"]
[Black "Mendes, Rodrigo Machado"]
[Result "1/2-1/2"]
[WhiteElo "1889"]
[BlackElo "1975"]
[PlyCount "75"]
[EventDate "2016.11.09"]
[EventType "swiss"]
[EventRounds "6"]
[EventCountry "BRA"]
[SourceTitle "EXT 2022"]
[Source "ChessBase"]
[SourceDate "2021.10.06"]
[SourceVersion "1"]
[SourceVersionDate "2021.10.06"]
[SourceQuality "1"]

1. e4 e6 2. d4 d5 3. Nd2 b6 4. e5 c5 5. c3 Ne7 6. Bd3 Nbc6 7. Ne2 Bd7 8. 0-0 cxd4 9. cxd4 Rc8 10. f4 Qc7 11. a3 Nf5 12. Nf3 h5 13. Ba6 Rb8 14. Bd2 b5 15. a4 b4 16. Bd3 a5 17. Rc1 Qb6 18. Bxf5 exf5 19. Qb3 Be6 20. Rc2 Be7 21. Rfc1 Rc8 22. Be3 0-0 23. Ne1 g6 24. Nd3 Rc7 25. Nc5 Rfc8 26. Qd3 Na7 27. b3 Rc6 28. g3 Bxc5 29. dxc5 Qa6 30. Qxa6 Rxa6 31. Bd4 Nc6 32. Kf2 Kg7 33. Ke3 Ra7 34. Kd2 Rd7 35. Rd1 Rdd8 36. Kc1 Rd7 37. Kb2 Rdd8 38. h4 1/2-1/2

[Event "Sao Paulo-B U2050 op 5th"]
[Site "Sao Paulo"]
[Date "2016.10.16"]
[Round "5.2"]
[White "De Souza, Cristiano Gomes"]
[Black "Baba, Renato"]
[Result "1-0"]
[WhiteElo "2012"]
[BlackElo "1862"]
[PlyCount "43"]
[EventDate "2016.10.13"]
[EventType "swiss"]
[EventRounds "6"]
[EventCountry "BRA"]
[SourceTitle "EXT 2022"]
[Source "ChessBase"]
[SourceDate "2021.10.06"]
[SourceVersion "1"]
[SourceVersionDate "2021.10.06"]
[SourceQuality "1"]

1. d4 d5 2. c4 c6 3. Nf3 Nf6 4. Nc3 e6 5. Bg5 dxc4 6. e4 b5 7. e5 h6 8. Bh4 g5 9. exf6 gxh4 10. Ne5 Qc7 11. Qh5 a6 12. Be2 Bb7 13. 0-0-0 Rg8 14. Bf3 Rg5 15. Qxh4 c5 16. Bh5 cxd4 17. Bxf7+ Kd8 18. Rxd4+ Bd5 19. Bxe6 Rxe5 20. Bxd5 Ra7 21. Bc6+ Bd6 22. f7+ 1-0

[Event "Sao Paulo-B U2050 op 5th"]
[Site "Sao Paulo"]
[Date "2016.10.14"]
[Round "2.4"]
[White "Veloso, Jose Carlos de Barr"]
[Black "Baba, Renato"]
[Result "0-1"]
[WhiteElo "1915"]
[BlackElo "1862"]
[PlyCount "112"]
[EventDate "2016.10.13"]
[EventType "swiss"]
[EventRounds "6"]
[EventCountry "BRA"]
[SourceTitle "EXT 2022"]
[Source "ChessBase"]
[SourceDate "2021.10.06"]
[SourceVersion "1"]
[SourceVersionDate "2021.10.06"]
[SourceQuality "1"]

1. e4 c5 2. Nf3 e6 3. d4 cxd4 4. Nxd4 Nf6 5. Nd2 Qb6 6. c3 a6 7. Qf3 d6 8. Bd3 Nbd7 9. Nc4 Qc7 10. Nd2 Ne5 11. Qe2 Nxd3+ 12. Qxd3 d5 13. 0-0 Be7 14. f4 dxe4 15. Nxe4 0-0 16. Nxf6+ Bxf6 17. Be3 b5 18. a3 Bb7 19. Rac1 Bd5 20. Qd2 Qb7 21. Qf2 Rac8 22. Rfe1 a5 23. g4 g6 24. h4 b4 25. g5 Bg7 26. axb4 axb4 27. Kh2 bxc3 28. bxc3 Rc4 29. Rb1 Qc7 30. Nb5 Qc6 31. Bd4 Ra8 32. Bxg7 Kxg7 33. Nd4 Qd7 34. Qe3 Qc7 35. Ne2 Re4 36. Qf2 Ra2 37. Kg3 Qc4 38. Rb4 Qd3+ 39. Kg4 Rexe2 40. Rxe2 Rxe2 41. Qd4+ Qxd4 42. Rxd4 Rg2+ 43. Kh3 Rc2 44. Rd3 Kf8 45. Kg3 Rg2+ 46. Kh3 Rc2 47. Kg3 Ke7 48. Re3 Kd6 49. Rd3 Kc5 50. h5 gxh5 51. Kh4 Be4 52. Rd7 Bg6 53. Rc7+ Kd6 54. Rc8 Kd5 55. Kg3 Ke4 56. c4 Kd4 0-1

[Event "BRA-ch Amateur U2000"]
[Site "Sao Paulo"]
[Date "2016.05.28"]
[Round "5"]
[White "Baba, Renato"]
[Black "Peixoto, Helio Ricardo Souti"]
[Result "0-1"]
[WhiteElo "1858"]
[BlackElo "1913"]
[PlyCount "82"]
[EventDate "2016.05.26"]
[EventType "swiss"]
[EventRounds "7"]
[EventCountry "BRA"]
[SourceTitle "EXT 2019"]
[Source "ChessBase"]
[SourceDate "2018.10.10"]
[SourceVersion "1"]
[SourceVersionDate "2018.10.10"]
[SourceQuality "1"]

1. c4 e5 2. Nc3 Nf6 3. g3 d5 4. cxd5 Nxd5 5. Bg2 Be6 6. d3 Nc6 7. Nf3 Bc5 8. 0-0 0-0 9. Bd2 h6 10. Ne4 Bb6 11. Rc1 Qe7 12. Rxc6 bxc6 13. Nxe5 Bd7 14. Nxd7 Qxd7 15. Qa4 f5 16. Nc3 Rad8 17. Qc4 Kh8 18. Na4 f4 19. Nc5 Qe7 20. Ne4 fxg3 21. hxg3 Nf6 22. Bb4 c5 23. Bc3 Nd5 24. Bd2 c6 25. Bf3 Qe5 26. Bc1 Nc7 27. Kg2 Ne6 28. Bg4 Nd4 29. b3 Qd5 30. Qc3 Nb5 31. Qa1 Nd4 32. Rh1 Bc7 33. Bb2 Rf6 34. e3 Rg6 35. Bh5 Rg5 36. exd4 Rxh5 37. Rxh5 Qxh5 38. dxc5 Rd7 39. Qf1 Qd5 40. Bxg7+ Kxg7 41. Qa1+ Be5 0-1

[Event "BRA-ch Amateur U2000"]
[Site "Sao Paulo"]
[Date "2016.05.26"]
[Round "1"]
[White "Baba, Renato"]
[Black "Pritsopoulos, Constantino Demetri"]
[Result "1-0"]
[WhiteElo "1858"]
[BlackElo "1954"]
[PlyCount "111"]
[EventDate "2016.05.26"]
[EventType "swiss"]
[EventRounds "7"]
[EventCountry "BRA"]
[SourceTitle "EXT 2019"]
[Source "ChessBase"]
[SourceDate "2018.10.10"]
[SourceVersion "1"]
[SourceVersionDate "2018.10.10"]
[SourceQuality "1"]

1. e4 d6 2. c4 Nf6 3. Nc3 e5 4. g3 Be7 5. Bg2 Nc6 6. d3 Bg4 7. Nge2 0-0 8. h3 Bxe2 9. Nxe2 Nd7 10. 0-0 Bg5 11. f4 Bf6 12. Rb1 a5 13. Be3 exf4 14. gxf4 Qe7 15. Ng3 Bd4 16. Qd2 Bxe3+ 17. Qxe3 f5 18. Qf2 fxe4 19. dxe4 Rae8 20. Rbe1 Nb4 21. Qd2 g6 22. a3 Nc6 23. b4 axb4 24. axb4 Nb6 25. Rc1 Qh4 26. Kh2 Re7 27. b5 Nd8 28. f5 Nf7 29. Rf4 Qh6 30. c5 dxc5 31. Rxc5 Rd8 32. Qc1 Ne5 33. f6 Rf7 34. Rxe5 Rdf8 35. Rf1 Qxc1 36. Rxc1 Nd7 37. Re7 Nxf6 38. Rcxc7 Rxe7 39. Rxe7 Rf7 40. Rxf7 Kxf7 41. e5 Nd7 42. Bxb7 Nxe5 43. Bd5+ Ke7 44. b6 Kd6 45. b7 Nd7 46. Bg2 Kc7 47. Ne2 g5 48. Nd4 Nc5 49. Nb5+ Kb8 50. Nd6 h5 51. Nf7 g4 52. h4 Nd7 53. Kg3 Kc7 54. Kf4 Kb6 55. Kg5 Kc5 56. Kxh5 1-0

[Event "Sao Paulo op-B U2050 4th"]
[Site "Sao Paulo"]
[Date "2016.03.25"]
[Round "2"]
[White "Lorenzon de Carvalho, Tales Pietro"]
[Black "Baba, Renato"]
[Result "1/2-1/2"]
[WhiteElo "1680"]
[BlackElo "1917"]
[PlyCount "67"]
[EventDate "2016.03.24"]
[EventType "swiss"]
[EventRounds "7"]
[EventCountry "BRA"]
[SourceTitle "CBM 171 Extra"]
[Source "ChessBase"]
[SourceDate "2016.04.26"]
[SourceVersion "1"]
[SourceVersionDate "2016.04.26"]
[SourceQuality "1"]

1. Nf3 c5 2. e3 Nc6 3. d4 d5 4. b3 cxd4 5. Nxd4 e5 6. Nxc6 bxc6 7. Bb2 Bd6 8. c4 Nf6 9. cxd5 cxd5 10. Bb5+ Bd7 11. Bxd7+ Qxd7 12. 0-0 0-0 13. Nc3 Bc5 14. Na4 Bd6 15. Qd2 Rac8 16. Rac1 Rxc1 17. Rxc1 Rc8 18. Rxc8+ Qxc8 19. Qa5 Qc7 20. Qxc7 Bxc7 21. Nc5 Kf8 22. Kf1 Ke7 23. Ke2 Nd7 24. Ba3 Bd6 25. Nxd7 Kxd7 26. Bxd6 Kxd6 27. Kd3 Kc5 28. a3 a5 29. Kc3 h5 30. h4 f6 31. f3 g5 32. g3 gxh4 33. gxh4 Kb5 34. Kd3 1/2-1/2

[Event "Sao Paulo ECP op 6th"]
[Site "Sao Paulo"]
[Date "2015.10.25"]
[Round "6"]
[White "Van Riemsdijk, Felipe Herman"]
[Black "Baba, Renato"]
[Result "1/2-1/2"]
[WhiteElo "1730"]
[BlackElo "1934"]
[PlyCount "110"]
[EventDate "2015.10.23"]
[EventType "swiss"]
[EventRounds "6"]
[EventCountry "BRA"]
[SourceTitle "CBM 169 Extra"]
[Source "ChessBase"]
[SourceDate "2015.12.18"]
[SourceVersion "1"]
[SourceVersionDate "2015.12.18"]
[SourceQuality "1"]

1. f4 c5 2. b3 d6 3. e3 Nf6 4. Nf3 g6 5. Bb2 Bg7 6. Be2 0-0 7. 0-0 Nc6 8. c4 Bf5 9. h3 Ne4 10. Bxg7 Kxg7 11. g4 Bc8 12. Kh2 f5 13. g5 Qa5 14. Qc2 d5 15. cxd5 Nb4 16. Qb2+ Kg8 17. Nc3 Qd8 18. Bc4 Nxc3 19. Qxc3 Nxd5 20. Qe5 e6 21. Rac1 b6 22. h4 Qc7 23. Bxd5 Qxe5 24. Nxe5 exd5 25. d4 cxd4 26. exd4 Ba6 27. Rf2 Rac8 28. Rfc2 Rxc2+ 29. Rxc2 Rc8 30. Rxc8+ Bxc8 31. Kg3 Be6 32. Kf2 Bf7 33. Ke2 Be8 34. Kd2 Kf8 35. Kc3 Ke7 36. b4 Kd6 37. Kb3 Kc7 38. a4 a5 39. bxa5 bxa5 40. Nd3 Bd7 41. Ka3 Kb6 42. Kb3 Kc7 43. Nc5 Bc8 44. Kc3 Kb6 45. Nd3 Bd7 46. Kb3 Kc7 47. Ka3 Kb6 48. Nc1 Kc7 49. Ne2 Kb6 50. Nc3 Bc6 51. Kb3 Kc7 52. Kc2 Kb6 53. Kb2 Kb7 54. Ka3 Kb6 55. Ka2 Kc7 1/2-1/2

[Event "Sao Paulo ECP op 6th"]
[Site "Sao Paulo"]
[Date "2015.10.24"]
[Round "4"]
[White "Martinez, Marcio Eduardo"]
[Black "Baba, Renato"]
[Result "0-1"]
[WhiteElo "1826"]
[BlackElo "1934"]
[PlyCount "114"]
[EventDate "2015.10.23"]
[EventType "swiss"]
[EventRounds "6"]
[EventCountry "BRA"]
[SourceTitle "CBM 169 Extra"]
[Source "ChessBase"]
[SourceDate "2015.12.18"]
[SourceVersion "1"]
[SourceVersionDate "2015.12.18"]
[SourceQuality "1"]

1. d4 Nf6 2. Bg5 Ne4 3. Bf4 d5 4. Nd2 c6 5. Nxe4 dxe4 6. e3 Nd7 7. f3 Nf6 8. fxe4 Nxe4 9. Bd3 Bf5 10. Nf3 e6 11. 0-0 Be7 12. c3 Nf6 13. Bxf5 exf5 14. Nd2 Ne4 15. Qc2 Qd5 16. c4 Qe6 17. Nxe4 fxe4 18. Rad1 Rd8 19. Rf2 0-0 20. Qb3 Qd7 21. d5 b5 22. Rfd2 bxc4 23. Qxc4 cxd5 24. Rxd5 Qe6 25. b3 Rxd5 26. Qxd5 Qxd5 27. Rxd5 f5 28. Rd7 Bc5 29. b4 Bb6 30. a4 Rd8 31. Rxd8+ Bxd8 32. Bb8 a6 33. Ba7 Be7 34. b5 axb5 35. axb5 Kf7 36. Kf2 Ke6 37. Bb8 Bc5 38. Ke2 Kd5 39. Bc7 g6 40. h3 h5 41. h4 Be7 42. g3 Kc5 43. b6 Kc6 44. Kd2 Bc5 45. Bf4 Bxb6 46. Ke2 Kd5 47. Kd2 Ba5+ 48. Ke2 Kc4 49. Bb8 Bc3 50. Bc7 Kd5 51. Bb6 Be5 52. Kf2 Kc4 53. Ba5 Kd3 54. Bb6 Kd2 55. Ba7 Kd1 56. Bd4 Bxd4 57. exd4 Kd2 0-1

[Event "Sao Paulo Hebraica op 20th"]
[Site "Sao Paulo"]
[Date "2015.06.06"]
[Round "5"]
[White "Awoki, Daniel Teidi"]
[Black "Baba, Renato"]
[Result "1-0"]
[WhiteElo "2037"]
[BlackElo "1847"]
[PlyCount "81"]
[EventDate "2015.06.04"]
[EventType "swiss"]
[EventRounds "6"]
[EventCountry "BRA"]
[SourceTitle "CBM 166 Extra"]
[Source "ChessBase"]
[SourceDate "2015.06.18"]
[SourceVersion "1"]
[SourceVersionDate "2015.06.18"]
[SourceQuality "1"]

1. e4 c5 2. Nf3 d6 3. d3 Nc6 4. g3 g6 5. Bg2 Bg7 6. 0-0 e6 7. c3 d5 8. Qe2 e5 9. exd5 Qxd5 10. c4 Qd6 11. h3 Nge7 12. Nc3 f5 13. Be3 b6 14. Bg5 Bb7 15. Rfe1 0-0-0 16. Nd5 Nxd5 17. cxd5 Qxd5 18. Nxe5 Qxe5 19. Bxc6 Qxe2 20. Bxb7+ Kxb7 21. Rxe2 Rd7 22. Rae1 h6 23. Re7 Rxe7 24. Rxe7+ Ka6 25. Rxg7 hxg5 26. Rxg6 Rh5 27. Kg2 g4 28. hxg4 fxg4 29. Rxg4 Rd5 30. Ra4+ Kb7 31. Ra3 b5 32. Rc3 Kb6 33. Kf3 b4 34. Rc2 Rxd3+ 35. Ke4 Rd4+ 36. Ke5 Kc6 37. f4 Rd5+ 38. Ke4 Rd4+ 39. Ke3 Kd5 40. Rh2 c4 41. Rh5+ 1-0

[Event "Sao Paulo Hebraica op 20th"]
[Site "Sao Paulo"]
[Date "2015.06.05"]
[Round "3"]
[White "Bruce, Shannon Hill"]
[Black "Baba, Renato"]
[Result "0-1"]
[WhiteElo "2099"]
[BlackElo "1847"]
[PlyCount "80"]
[EventDate "2015.06.04"]
[EventType "swiss"]
[EventRounds "6"]
[EventCountry "BRA"]
[SourceTitle "CBM 166 Extra"]
[Source "ChessBase"]
[SourceDate "2015.06.18"]
[SourceVersion "1"]
[SourceVersionDate "2015.06.18"]
[SourceQuality "1"]

1. d4 Nf6 2. Nf3 g6 3. Bg5 Ne4 4. Bh4 c5 5. c3 Qb6 6. Qb3 cxd4 7. cxd4 Nc6 8. Nc3 Nxc3 9. bxc3 Bg7 10. e4 d6 11. Bc4 0-0 12. 0-0 Qc7 13. Bd3 Bg4 14. Nd2 Na5 15. Qa3 b6 16. Rac1 e5 17. Nb3 Nc6 18. f4 exf4 19. Bg5 f3 20. gxf3 Bh3 21. Rf2 Rfe8 22. Bf4 Bf8 23. Nd2 Na5 24. Nb3 Nb7 25. Ba6 Nd8 26. Nd2 Ne6 27. Bg3 Qe7 28. Nc4 Red8 29. Ne3 Nc7 30. Bd3 Bh6 31. f4 f5 32. e5 Kf8 33. Nc4 dxe5 34. Qxe7+ Kxe7 35. Bh4+ g5 36. fxg5 Rg8 37. Nxe5 Bxg5 38. Bxg5+ Rxg5+ 39. Kh1 Rag8 40. Bf1 Rg1# 0-1